The Apostles' Creed (US Catholic Version) - Statistics

General Stats
  • This quiz has been taken 584 times
    512 since last reset
  • The average score is 50 of 112
Answer Stats
Answer % Correct
I
100%
believe
98%
in
98%
God,
96%
Father
92%
the
92%
almighty,
86%
and
84%
earth;
83%
Heaven
83%
of
83%
Creator
82%
and
68%
in
66%
Christ,
65%
Jesus
65%
his
63%
Son
63%
only
62%
Lord;
57%
our
57%
was
56%
who
56%
the
52%
born
51%
by
51%
conceived
51%
Holy
51%
Spirit,
51%
the
51%
Virgin
51%
Mary,
50%
of
49%
Pontius
46%
under
46%
and
45%
Pilate,
45%
suffered
45%
crucified,
44%
died,
44%
was
44%
he
43%
was
43%
buried;
42%
hell;
42%
day
41%
he
41%
into
41%
the
41%
third
41%
descended
40%
on
40%
again
39%
rose
39%
he
38%
Amen.
37%
hand
37%
heaven,
37%
of
37%
right
37%
the
37%
at
36%
into
36%
and
35%
ascended
35%
God,
35%
is
35%
seated
35%
the
35%
dead;
34%
Father
34%
the
34%
from
33%
almighty;
32%
believe
32%
I
32%
the
32%
Holy
31%
in
31%
Spirit,
31%
and
30%
life
30%
the
30%
the
30%
catholic
29%
Church,
29%
come
29%
everlasting.
29%
he
29%
holy
29%
of
29%
the
29%
the
29%
the
29%
the
29%
and
28%
body,
28%
communion
28%
dead.
28%
forgiveness
28%
judge
28%
living
28%
of
28%
of
28%
resurrection
28%
saints,
28%
sins,
28%
the
28%
to
28%
will
28%
from
26%
there
25%
No matching quizzes found
Score Distribution
Percent of People with Each Score
Percentile by Number Answered
Your Score History
You have not taken this quiz since the last reset